Процесс заиление водохранилища Нурекской ГЭС и его влияние на режим работы каскада Вахшских ГЭС; Энергетика: эффективность, надёжность, безопасность

Detaylı Bibliyografya
Parent link:Энергетика: эффективность, надёжность, безопасность.— 2011.— [С. 40-42]
Yazar: Киргизов А. К.
Diğer Yazarlar: Касобов Л. С.
Özet:Заглавие с титульного листа
Электронная версия печатной публикации
Dil:Rusça
Baskı/Yayın Bilgisi: 2011
Konular:
Online Erişim:http://www.lib.tpu.ru/fulltext/v/Conferences/2011/K06/116014.pdf
Materyal Türü: Elektronik Kitap Bölümü
KOHA link:https://koha.lib.tpu.ru/cgi-bin/koha/opac-detail.pl?biblionumber=222852

MARC

LEADER 00000naa2a2200000 4500
001 222852
005 20260219162656.0
035 |a (RuTPU)RU\TPU\book\243082 
035 |a RU\TPU\book\243067 
090 |a 222852 
100 |a 20121002d2011 k y0rusy50 ca 
101 0 |a rus 
102 |a RU 
135 |a drnn ---uucaa 
181 0 |a i  
182 0 |a b 
200 1 |a Процесс заиление водохранилища Нурекской ГЭС и его влияние на режим работы каскада Вахшских ГЭС  |f А. К. Киргизов, Л. С. Касобов 
203 |a Текст  |c электронный 
215 |a 1 файл (349 Кб) 
300 |a Заглавие с титульного листа 
300 |a Электронная версия печатной публикации 
337 |a Adobe Reader 
463 1 |0 (RuTPU)RU\TPU\book\241205  |t Энергетика: эффективность, надёжность, безопасность  |o материалы XVII Всероссийской научно-технической конференции, Томск, 7-9 декабря 2011 г.  |f Национальный исследовательский Томский политехнический университет (ТПУ)  |v [С. 40-42]  |d 2011 
610 1 |a водохранилища 
610 1 |a заиление 
610 1 |a ГЭС 
610 1 |a каскады 
610 1 |a режимы работы 
610 1 |a время 
610 1 |a формулы 
610 1 |a электронный ресурс 
700 1 |a Киргизов  |b А. К. 
701 1 |a Касобов  |b Л. С. 
801 1 |a RU  |b 63413507  |c 20120926 
801 2 |a RU  |b 63413507  |c 20130128  |g RCR 
856 4 |u http://www.lib.tpu.ru/fulltext/v/Conferences/2011/K06/116014.pdf 
942 |c CF